|
|
|
|
| LEADER |
00000nam a2200000 i 4500 |
| 001 |
1/77384 |
| 008 |
960527s1987 gre d |
| 035 |
|
|
|a 1989
|b 2
|c Δωρεά
|l 10032648
|
| 040 |
|
|
|a GR-MY-UA
|b gre
|e aacr
|
| 041 |
0 |
|
|a gre
|
| 082 |
0 |
|
|a 635.9
|
| 100 |
1 |
|
|a Τσόγκας, Μίλτος.
|
| 245 |
1 |
0 |
|a Παραγωγή πολλαπλασιαστικού υλικού ανθοκομίας :
|b Γ' τάξη Τεχνικού-Επαγγελματικού Λυκείου /
|c Τσόγκας Μίλτος, Παπαχατζή-Αποστολάτου Μαριέττα
|
| 260 |
|
|
|a Αθήνα :
|b Ο.Ε.Δ.Β.,
|c 1987
|
| 300 |
|
|
|a 169 σ.
|
| 650 |
0 |
0 |
|a Floriculture.
|
| 700 |
1 |
|
|a Παπαχατζή-Αποστολάτου, Μαριέττα.
|
| 852 |
|
|
|a INST
|b RHODES
|e 19960527
|h 635.9 ΤΣΟ
|p 005400002125
|q 005400002125
|t BK
|y 620
|
| 852 |
|
|
|a INST
|b RHODES
|e 19960527
|h 635.9 ΤΣΟ
|p 005400002126
|q 005400002126
|t BK
|y 0
|
| 852 |
|
|
|a INST
|b RHODES
|e 19960527
|h 635.9 ΤΣΟ
|p 005400002127
|q 005400002127
|t BK
|y 620
|
| 909 |
|
|
|a Ρ
|b 014541
|c 1989
|
| 909 |
|
|
|a Ρ
|b 014542
|c 1989
|
| 909 |
|
|
|a Ρ
|b 014543
|c 1989
|